000 00430nam a2200181Ia 4500
008 210210b1955 xxu||||| |||| 00| 0 eng d
041 _aeng
082 _a336/30
100 _aBAILEY (Jack)
245 _aBritish co operative movement
260 _aLondon
_bHutchinson University
_c1955
650 _aoperative
650 _amovement
650 _aco
650 _aBritish
690 _aEconomic History
906 _a004767
999 _c128051
_d128051